Cognomi più diffusi in Toscana - Statistics

Statistiche generali
  • Questo quiz è stato fatto 77 volte
  • Il punteggio medio è 3 su 10
Statistiche sulle risposte
Cognome % Corretto
Rossi
100%
Bianchi
76%
Conti
28%
Gori
22%
Innocenti
19%
Ricci
10%
Baldi
7%
Martini
7%
Lombardi
3%
Giusti
2%
Nessun quiz corrispondente trovato
Distribuzione punteggi
Percentuale di utenti per punteggio
Percentile per numero di risposta
I tuoi punteggi nel tempo
Non hai fatto questo quiz